000 nam a22 7a 4500
999 _c331848
_d331848
003 NUST
005 20171030131252.0
008 171030b xxu||||| |||| 00| 0 eng d
040 _c0
082 _a628 PAK
245 _aPakistan National Report to UNCED 1992
260 _aKarachi
_bEUAD
_c1992
300 _a164p.
500 _aP.B
942 _2ddc
_cBK
_kIESE